Culture Générale. Niveau: IMPOSSIBLE - Statistiques

Statistiques générales
  • Ce quiz a été pris 386 fois
  • Le résultat moyen est 3 sur 11
Statistiques - réponses
Question Réponse % Correct
En quelle année a eu lieu la chute du mur de Berlin ? 1989
95%
Quelle est la capitale de l'Empire byzantin pendant le règne de Justinien I ? Constantinople
56%
Quel est le plus grand désert du monde ? Le désert de l'Antarctique
53%
Qui a écrit "La Divine Comédie" ? Dante Alighieri
39%
Quel physicien théorique britannique a proposé la théorie des cordes et est également connu pour ses travaux sur les trous noirs ? Stephen Hawking
18%
Quel est le nom du compositeur russe célèbre pour son ballet "Le Sacre du Printemps" et qui a provoqué un scandale lors de sa première représentation en 1913 ? Igor Stravinsky
17%
Quel écrivain britannique est connu pour son roman dystopique "Un monde parfait" (Brave New World) ? Aldous Huxley
15%
En quelle année ? 1914-1917
8%
Quel est le nom du phénomène par lequel les trous noirs émettent des radiations, nommé d'après le physicien qui a proposé cette théorie ? Les radiations de Hawking
1%
Quel explorateur a été le premier à traverser l'Antarctique d'un bout à l'autre, passant par le pôle Sud ? Ernest Shackleton
0%
Qui a été le dernier empereur d’Haïti, dont le règne a pris fin en 1915 avec l'occupation américaine ? Faustin Soulouque
0%
Aucun quiz correspondant
Distribution des résultats
% des personnes avec chaque résultat
Percentile par nombre de réponses
Votre historique - résultats
Vous n’avez pas pris ce quiz